00330 a2200097 4500082001700000100001900017245008600036260004700122300001800169650004500187 a954.9183 DES aDesouza,Ronald aKarachi During the British Era : Two Histories of a Modern City /cRonald Desouza aPakistan :cOxford University Press,b2007 a155p. :c25cm aHistory - KarachiyKarachi - British Era